Российский педиатрический журнал. Т. 26, прил. 2: Материалы Четвёртой научно-практической конференции студентов и молодых учёных с международным участием Четвёртого Всероссийского педиатрического форума студентов и молодых учёных с международным участием "Виртуоз педиатрии" (Москва, 15 - 19 мая 2023 г.) (Запись № 12327937)
[ простой вид ]
| 000 -МАРКЕР | |
|---|---|
| контрольное поле | 01911nam2a2200217 4500 |
| 001 - ИДЕНТИФИКАТОР ЗАПИСИ | |
| контрольное поле | RU\NLR\PER_A\003155060_001720 |
| 005 - ИДЕНТИФИКАТОР ВЕРСИИ | |
| контрольное поле | 20250625065348.0 |
| 035 ## - ДРУГИЕ СИСТЕМНЫЕ НОМЕРА | |
| Идентификатор записи | (NLR Aleph) 021963067 |
| 100 ## - ДАННЫЕ ОБЩЕЙ ОБРАБОТКИ | |
| Данные общей обработки | 20230613d2023 |||y0rusy50 ca |
| 101 0# - ЯЗЫК РЕСУРСА | |
| Язык текста, звукозаписи и т.д. | русский |
| 102 ## - СТРАНА ПУБЛИКАЦИИ ИЛИ ПРОИЗВОДСТВА | |
| Страна публикации | Российская Федерация |
| 200 0# - ЗАГЛАВИЕ И СВЕДЕНИЯ ОБ ОТВЕТСТВЕННОСТИ | |
| Основное заглавие | Материалы Четвёртой научно-практической конференции студентов и молодых учёных с международным участием Четвёртого Всероссийского педиатрического форума студентов и молодых учёных с международным участием "Виртуоз педиатрии" (Москва, 15 - 19 мая 2023 г.) |
| 210 ## - ПУБЛИКАЦИЯ, РАСПРОСТРАНЕНИЕ И ДР. | |
| Дата издания, распространения и т.д. | 2023 |
| Место издания, распространения и т.д. | Б. м. |
| 461 #0 - УРОВЕНЬ НАБОРА | |
| Встроенное поле | 001RU\NLR\INFOCOMM7\1000076157 |
| -- | 2001#$aРоссийский педиатрический журнал$dThe Russian journal of pediatrics$eНауч.-практ. журн.$fИзд-во "Медицина". Ком. Рос. Федерации по печати$zeng$vТ. 26, прил. 2 |
| Системный номер (АБИС) связанной записи | 3043097 |
| Место публикации | М. |
| Дата публикации | 1998- |
| Первые сведения об ответственности | Изд-во "Медицина". Ком. Рос. Федерации по печати |
| Параллельное заглавие | The Russian journal of pediatrics |
| Имя издателя, распространителя и т.д. | Медицина |
| Сведения, относящиеся к заглавию | Науч.-практ. журн. |
| Заглавие | Российский педиатрический журнал |
| ISSN | 1560-9561 |
| Номер тома | Т. 26, прил. 2 |
| 710 12 - НАИМЕНОВАНИЕ ОРГАНИЗАЦИИ - ПЕРВИЧНАЯ ОТВЕТСТВЕННОСТЬ | |
| Начальный элемент ввода | "Виртуоз педиатрии", всероссийский педиатрический форум студентов и молодых учёных с международным участием |
| Структурное подразделение | Научно-практическая конференция студентов и молодых ученых с международным участием |
| Порядковый номер временной организации и / или порядковый номер ее части | 4 |
| -- | 4 |
| Место проведения временной организации | Москва |
| Дата проведения временной организации | 2023 |
| Системный номер авторитетной/нормативной записи | 854100 |
| Идентификатор авторитетной/нормативной записи | RU\NLR\AUTH\880594265 |
| 852 ## - МЕСТОНАХОЖДЕНИЕ И ШИФР ХРАНЕНИЯ | |
| Идентификатор организации | NLR |
| Шифр хранения (Call Number) | П17/571 |
| 942 ## - ДОПОЛНИТЕЛЬНЫЕ ЭЛЕМЕНТЫ ЗАПИСИ (АБИС) | |
| Тип экземпляра АБИС | Выпуск |
| 980 ## - КОЛЛЕКЦИЯ | |
| Название коллекции | Национальная библиография |
| 980 ## - КОЛЛЕКЦИЯ | |
| Название коллекции | Русская периодика |
Нет доступных экземпляров.